La necesidad de la iglesia para la salvación (Registro nro. 69444)
[ vista simple ]
| 000 -LÍDER | |
|---|---|
| Campo fijo de descripción fija | 01303nab a2200205 i 4500 |
| 001 - NÚMERO DE CONTROL | |
| Campo de control | 768714001 |
| 003 - IDENTIFICADOR DEL NÚMERO DE CONTROL | |
| Campo de control | CO-MdFUSB |
| 005 - FECHA Y HORA DE LA ULTIMA TRANSACCIÓN | |
| control field | 20240506095014.0 |
| 008 - ELEMENTOS DE LONGITUD FIJA -- INFORMACIÓN GENERAL | |
| Campo fijo de descripción fija -- Información general | 240430t1965 sp ||||| |||| 00| 0 spa d |
| 040 ## - FUENTE DE CATALOGACIÓN | |
| Idioma de catalogación | spa |
| Agencia que realiza la transcripción | CO-MdFUSB |
| Agencia que realiza la modificación | CO-MdFUSB |
| 041 ## - CÓDIGO DE IDIOMA | |
| Código de idioma para texto/pista de sonido o título separado | spa |
| 100 ## - ASIENTO PRINCIPAL--NOMBRE PERSONAL | |
| Nombre personal | Willems, Bert, |
| Término relacionador | autor |
| 245 #3 - TÍTULO | |
| Título | La necesidad de la iglesia para la salvación |
| Mención de responsabilidad | / Bert Willems |
| 520 ## - NOTA DE RESUMEN, ETC. | |
| Nota de sumario, etc. | Muchos escritos desde un punto de vista ecuménico, se reconoce a la iglesia como necesaria para la salvación, por tanto surge la cuestión si los cristianos no católicos son parte de la iglesia y, de ser así, cómo. Por otra parte, como se busca una unidad, se obliga a la comunidad cristiana a cuestionar su papel en la sociedad, y los mismos factores que contribuyeron a la necesidad de la iglesia se hicieron más prominentes. Esto ha llevado a una mayor atención hacia los desafíos que enfrentan las personas que, siendo parte de la cultura cristiana, rechazan su pretensión de exclusividad. |
| 650 #7 - ASIENTO SECUNDARIO DE MATERIA - TERMINO TEMÁTICO | |
| Término temático o nombre geográfico como elemento de entrada | Iglesia |
| 9 (RLIN) | 655 |
| 650 #0 - ASIENTO SECUNDARIO DE MATERIA - TERMINO TEMÁTICO | |
| Término temático o nombre geográfico como elemento de entrada | Salvación |
| Subdivisión general | Cristianismo |
| 9 (RLIN) | 1209 |
| 773 0# - ASIENTO DE ITEM FUENTE | |
| Biblionumber | 49450 |
| Itemnumber | 82560 |
| Otro identificador del ítem | R2491 |
| Título | Revista internacional de teología Concilium |
| Número de control del registro | (CO-MdFUSB)8 |
| Número Internacional Normalizado para Publicaciones Seriadas (ISSN) | 0210-1041 |
| Parte(s) relacionada(s) / Volumen., número. (mes año), páginas | Número 1, (enero, 1965), páginas: 114 - 127 |
| Enumeración y primera página | página: 114 |
| 942 ## - TIPO DE MATERIAL (KOHA) | |
| Tipo de Item KOHA | Artículos de Revista |
| 945 ## - INFORMACIÓN LOCAL DEL REGISTRO | |
| Catalogador | Catherine Arias Álvarez practicante SENA |
No hay ítems disponibles.
